| 000 | 00625cam a2200193 i 4500 | ||
|---|---|---|---|
| 020 | _a9781422187272 (alk. paper) | ||
| 040 | _cDLC | ||
| 082 | 0 | 0 | _a395 MOL 2013 A116 Or. |
| 100 | 1 | _aMolinsky, Andy. | |
| 245 | 1 | 0 |
_aGlobal dexterity : _bhow to adapt your behavior across cultures without losing yourself in the process / |
| 300 |
_axxii, 200 pages : _billustrations ; _c22 cm |
||
| 650 | 0 | _aInternational business enterprises | |
| 650 | 0 | _aManagement | |
| 650 | 0 | _aCorporate culture | |
| 650 | 0 | _aIntercultural communication. | |
| 650 | 0 | _aDiversity in the workplace. | |
| 650 | 0 | _aBusiness etiquette. | |
| 942 | _cAEDBB | ||
| 999 |
_c17505 _d17505 |
||